La Mancomunitat de Catalunya i l'Ajuntament de Granollers
Descripción Física:
[2 ] f. ; 32 cm
MARC
| LEADER | 00000nam a2200000Ia 4500 | ||
|---|---|---|---|
| 001 | 17615 | ||
| 008 | 160829s9999 xx 000 0 cat d | ||
| 080 | |a RF-2-14 | ||
| 100 | |a Riba, Santiago de |9 46579 | ||
| 245 | |a La Mancomunitat de Catalunya i l'Ajuntament de Granollers | ||
| 260 | |a Granollers : |b Imp. Joseph, [192?] | ||
| 300 | |a [2 ] f. ; |c 32 cm | ||
| 590 | |a Prové de 3201 | ||
| 610 | 1 | 0 | |a Granollers (Catalunya). |b Ajuntament |9 52880 |
| 610 | 2 | 0 | |a Catalunya. |b Mancomunitat |9 53015 |
| 856 | 4 | |u https://media.diba.cat/diba/fitxers/arxiu/fulletons/bib_17615_baixa.pdf |y Accés lliure | |
| 856 | 4 | |u https://media.diba.cat/diba/fitxers/arxiu/fulletons/bib_17615_baixa.pdf |y Accés lliure | |
| 901 | |a Arxiu | ||
| 942 | |n 1 |2 udc | ||
| 952 | |0 0 |1 0 |4 0 |6 RF214 |7 1 |9 53293 |a Arxiu |b Arxiu |d 2016-12-01 |l 0 |o RF-2-14 |p 17615 |r 2016-12-01 00:00:00 |w 2016-12-01 |y ARXIU | ||
| 999 | |c 57157 |d 57157 | ||
| 900 | |a bib_17615_baixa.pdf | ||